Statistics for Most Guessed Flags on Countries of Africa

Click here to take the quiz!

General Stats

  • This quiz has been taken 24 times
  • The average score is 8 of 10

Answer Stats

PercentageFlag% Correct
99%South Africa
100%
87%Egypt
96%
80%Algeria
83%
73%Angola
79%
79%Nigeria
79%
87%Kenya
75%
81%Tunisia
71%
74%Tanzania
58%
75%Uganda
58%
69%Ivory Coast
50%

Score Distribution

Percentile by Number Answered

Percent of People with Each Score

Your Score History

You have not taken this quiz